| 000 | 00403nam a2200157Ia 4500 | ||
|---|---|---|---|
| 008 | 230917s9999||||xx |||||||||||||| ||und|| | ||
| 040 |
_e229170 _aMAIN |
||
| 041 | _aEnglish | ||
| 082 | _a005.453 A68C(2) | ||
| 100 | _aAho, Alfred V | ||
| 245 | 0 | _aCompilers : Principles, techniques and tools | |
| 250 | _a2nd ed. | ||
| 260 |
_aNew Delhi _bPearson Education _c2014 |
||
| 300 | _a948 p. | ||
| 942 | _cBK | ||
| 999 |
_c180202 _d180202 |
||